Word Ladder: The Wisdom of Mr. Berra Quiz Stats

 Plays Quiz Updated Apr 9, 2017

Challenge
Share
Tweet
Embed
Score 0/37 Timer 04:00
2 Plays Today
Clue 4-Letter Word % Correct
Nickel, dime or quarter, e.g.COIN
97.8%
Poppable kernelsCORN
96.8%
The innermost layer of EarthCORE
96.4%
Superman's love interest LoisLANE
94.5%
Goatee localeCHIN
94.2%
Huron, Erie, or Superior, e.g.LAKE
94%
Warning yelled by golfers meaning 'Look out!'FORE
94%
The past, present, and futureTIME
93.9%
Femur, tibia, or radius, e.g.BONE
93.8%
A covering for a wheel's rim, usually made of rubberTIRE
93.3%
To withdraw from a round of play in pokerFOLD
93%
Bring a plane back to the runwayLAND
92.3%
To temporarily offer someone an itemLEND
92.3%
Lead singer of U2BONO
92.1%
Tattled on another personTOLD
92.1%
Sport played with horses and malletsPOLO
91.9%
Toy stick used for bouncing up and downPOGO
90.8%
Naked or exposedBARE
90.8%
Stereotypical clothing of ancient RomeTOGA
90.6%
Clue 4-Letter Word % Correct
Prometheus's gift to mankind, in Greek mythFIRE
90.6%
Element no longer put in gasolineLEAD
90.5%
Batman villain portrayed by Tom HardyBANE
90%
Indian spiritual exercise formYOGA
89.4%
The music of Pete Seeger and Woody GuthrieFOLK
89.1%
String tie popular in the Western USBOLO
88.7%
African country whose capital is LoméTOGO
88%
A large, often multiple-volume bookTOME
88%
'[1] you ___ to a [13] in the [18], [25] it.'⚾COME⚾
86.6%
First name of Yankees catcher/philosopher Berra, who spoke the quote that appears in this quiz⚾YOGI⚾
86.2%
'[1] you [7] to a ___ in the [18], [25] it.'⚾FORK⚾
85.4%
Peach's assistant in Mario gamesTOAD
84.8%
Long-time Big Brother host JulieCHEN
84.1%
PeruseREAD
83.7%
'[1] you [7] to a [13] in the [18], ___ it.'⚾TAKE⚾
81.5%
'[1] you [7] to a [13] in the ___, [25] it.'⚾ROAD⚾
81.3%
'___ you [7] to a [13] in the [18], [25] it.'⚾WHEN⚾
80.3%
The weight of a vehicle without passengersTARE
79.3%

Today's Daily Dose

You're not logged in!

Compare scores with friends on all Sporcle quizzes.
Join for Free
OR
Log In

You Might Also Like...

Show Comments

Extras

Top Quizzes Today


Score Distribution

Your Account Isn't Verified!

In order to create a playlist on Sporcle, you need to verify the email address you used during registration. Go to your Sporcle Settings to finish the process.

Report this User

Report this user for behavior that violates our Community Guidelines.

Details: